| 000 | 00634nam a22002057a 4500 | ||
|---|---|---|---|
| 005 | 20230209154955.0 | ||
| 008 | 230209b ||||| |||| 00| 0 eng d | ||
| 040 | _cAL | ||
| 041 | _aeng | ||
| 082 |
_223 _a658.7 _bMUTR |
||
| 100 |
_aK Muthukrishnan _971716 |
||
| 245 | _aReading material for executive development programme on materials management | ||
| 260 |
_aBombay _bNational Institute for Training in Industrial Engineering _c1991 |
||
| 300 |
_b296p. _aPB _c28x20cm. |
||
| 365 | _2Management | ||
| 650 |
_aStores Accounting _971707 |
||
| 650 |
_aForecasting _971708 |
||
| 700 |
_aMUTHUKRISHNAN (K) _971709 |
||
| 942 |
_2ddc _cDB |
||
| 999 |
_c226633 _d226633 |
||